| 000 | 01104nam a22002897a 4500 | ||
|---|---|---|---|
| 003 | EG-ScBUE | ||
| 005 | 20211125122300.0 | ||
| 008 | 090802s2004 ua f 000 0aara d | ||
| 017 | _a2004 / 13239 | ||
| 020 | _a770191493 | ||
| 040 |
_aEG-ScBUE _bara _erda _cEG-ScBUE _dEG-ScBUE |
||
| 082 | 0 | 4 |
_a892.78603 _bز ي ا _222 |
| 100 | 1 |
_98293 _aالزيات، لطيفة، _d1923-1996، _eمؤلف. |
|
| 245 | 1 | 0 |
_aحملة تفتيش : _bأوراق شخصية / _cبقلم لطيفة الزيات. |
| 264 | 1 |
_aالقاهرة : _bالهيئة المصرية العامة للكتاب، _c2004. |
|
| 300 |
_a182 صفحة ؛ _b17 سم. |
||
| 336 |
_2rdacontent _aنص _btxt |
||
| 337 |
_2rdamedia _aبدون وسيط _bn |
||
| 338 |
_2rdacarrier _aمجلد _bnc |
||
| 490 | 0 |
_aمكتبة الأسرة. _aأدب السيرة الذاتية |
|
| 600 | 1 | 7 |
_aالزيات، لطيفة، _d1923-1996 _xمذكرات. _2BUEsh |
| 650 | 7 |
_98295 _aالأدباء العرب _zمصر _vتراجم. _2BUEsh |
|
| 651 | _2BUEsh | ||
| 653 |
_bARALIT _cNovember2021 |
||
| 655 |
_vReading book _934232 |
||
| 942 |
_2ddc _cBB |
||
| 999 |
_c12500 _d12500 |
||